| 000 | 00599nam a2200217Ia 4500 | ||
|---|---|---|---|
| 003 | OSt | ||
| 005 | 20220925182546.0 | ||
| 006 | a|||||r|||| 00| 0 | ||
| 007 | ta | ||
| 008 | 220923b |||||||| |||| 00| 0 eng d | ||
| 037 | _cGeneral Book | ||
| 040 |
_aRTL _cRTL _beng |
||
| 041 |
_2eng _aeng |
||
| 082 | _aX:8n1,N81, M1 | ||
| 245 | 0 |
_aAPPLICATIONS OF management science _b A research an |
|
| 260 |
_aConnecticut _bJai Press _c1981 |
||
| 490 | _vV1 1981, 388p. | ||
| 650 |
_aManagement _930681 |
||
| 942 |
_hX:8n1,N81, M1 _cGB _2CC |
||
| 999 |
_c502503 _d502503 |
||